| 000 | 00583nam a22002057a 4500 | ||
|---|---|---|---|
| 003 | DEla salle | ||
| 005 | 20140310183122.0 | ||
| 008 | 130206t xxu||||| |||| 00| 0 eng d | ||
| 020 | _a9789719282365 | ||
| 050 |
_aPL 5539 _b.Sy981 2007 |
||
| 082 |
_aFIL 959.904 _bS979 2007 |
||
| 245 |
_aHere I stand : the end of the republic and other essays _cGeronimo L. Sy |
||
| 260 |
_aManila _bManila Times Pub. Corp. _c[2007] |
||
| 300 |
_aviii, 132 p. _c26 cm. |
||
| 521 | _acollege students | ||
| 526 | _c1210L-1700L | ||
| 541 | _j1 | ||
| 562 | _e1 | ||
| 942 |
_2lcc _cBK _kFIL |
||
| 999 |
_c18950 _d18950 |
||